[Event "Spilimbergo op 22nd"]
[Site "Spilimbergo"]
[Date "2024.08.09"]
[Round "1"]
[White "David, Alberto"]
[Black "Csontos, Aron"]
[Result "1-0"]
[WhiteElo "2507"]
[BlackElo "2175"]
[PlyCount "99"]
[EventDate "2024.08.09"]
[EventType "swiss"]
[EventRounds "9"]
[EventCountry "ITA"]
[SourceTitle "EXT 2025"]
[Source "ChessBase"]
[SourceDate "2024.10.14"]
[SourceVersion "1"]
[SourceVersionDate "2024.10.14"]
[SourceQuality "1"]

1. Nf3 Nf6 2. g3 d5 3. Bg2 e6 4. 0-0 Be7 5. d3 0-0 6. Nbd2 c5 7. e4 Nc6 8. Re1 Re8 9. e5 Nd7 10. Nf1 Qc7 11. Bf4 b5 12. h4 Bb7 13. Ne3 Nb6 14. Ng4 Bf8 15. h5 h6 16. c3 b4 17. Qd2 bxc3 18. bxc3 Ne7 19. Nf6+ Kh8 20. Nxe8 Rxe8 21. Rab1 Ba6 22. g4 Qd7 23. a4 Nxa4 24. Ra1 Bb5 25. d4 Rc8 26. Rec1 Nb6 27. Rcb1 Nc4 28. Qd1 a6 29. Bf1 Nc6 30. g5 cxd4 31. cxd4 N6a5 32. gxh6 gxh6 33. Kh2 Bg7 34. Bd3 Qe7 35. Qe2 Nc6 36. Rg1 Nxd4 37. Rxg7 Nxf3+ 38. Qxf3 Qh4+ 39. Kg2 Kxg7 40. Rh1 Qe7 41. Rh3 Rh8 42. Bc1 Rg8 43. Rg3+ Kh8 44. Rxg8+ Kxg8 45. Qg3+ Kh8 46. Bxh6 f5 47. exf6 Qf7 48. Bg7+ Kg8 49. h6 Qh5 50. Bf8+ 1-0

[Event "Bozen Harrwitz Memorial"]
[Site "Bozen"]
[Date "2024.06.22"]
[Round "3"]
[White "Centamore, Alberto"]
[Black "Csontos, Aron"]
[Result "1-0"]
[WhiteElo "2180"]
[BlackElo "2111"]
[PlyCount "131"]
[EventDate "2024.06.21"]
[EventType "swiss"]
[EventRounds "5"]
[EventCountry "ITA"]
[SourceTitle "CBM 220 Extra"]
[Source "ChessBase"]
[SourceDate "2024.07.31"]
[SourceVersion "1"]
[SourceVersionDate "2024.07.31"]
[SourceQuality "1"]

1. e4 c5 2. c3 Nf6 3. e5 Nd5 4. Nf3 e6 5. Bc4 d6 6. d4 cxd4 7. cxd4 Be7 8. 0-0 0-0 9. Qe2 Nc6 10. Nc3 Nxc3 11. bxc3 dxe5 12. dxe5 Qc7 13. Bd3 f5 14. exf6 Bxf6 15. Qe4 g6 16. Bh6 Bg7 17. Be3 Bd7 18. h4 Qa5 19. Rab1 Nd8 20. Ng5 Bc6 21. Qg4 Qxc3 22. Rb3 Qf6 23. Nxh7 Kxh7 24. Qh5+ Kg8 25. Bxg6 Rf7 26. Bc5 Bf8 27. Bxf7+ Nxf7 28. Rg3+ Bg7 29. Rg6 Qc3 30. Be7 Nh8 31. Rg3 Qd4 32. Rd1 Be8 33. Rxd4 Bxh5 34. Bf6 Ng6 35. Bxg7 Kxg7 36. Rg5 Kh6 37. g4 Bxg4 38. Rgxg4 Ne5 39. Rg3 Rf8 40. Kg2 Ng6 41. Rdg4 Nf4+ 42. Kh2 Nh5 43. Rg2 Nf4 44. Rg1 Nd3 45. f4 Nxf4 46. Rf1 e5 47. Rg5 Re8 48. Re1 Ng6 49. Kg3 Rd8 50. Rf1 Rd3+ 51. Kg4 Rd4+ 52. Kg3 Nxh4 53. Rxe5 Ng6 54. Ra5 a6 55. Rf6 Kg7 56. Rb6 Rd3+ 57. Kf2 Rd7 58. Rg5 Rf7+ 59. Ke3 Rf6 60. Rxb7+ Kf8 61. Ra7 Ne7 62. Rg2 Rd6 63. Rh2 Ng6 64. Rhh7 Re6+ 65. Kd4 Ne7 66. Ra8+ 1-0

[Event "Bozen Harrwitz Memorial"]
[Site "Bozen"]
[Date "2024.06.21"]
[Round "1"]
[White "Seresin, Francesco"]
[Black "Csontos, Aron"]
[Result "1/2-1/2"]
[WhiteElo "2337"]
[BlackElo "2111"]
[PlyCount "64"]
[EventDate "2024.06.21"]
[EventType "swiss"]
[EventRounds "5"]
[EventCountry "ITA"]
[SourceTitle "CBM 220 Extra"]
[Source "ChessBase"]
[SourceDate "2024.07.31"]
[SourceVersion "1"]
[SourceVersionDate "2024.07.31"]
[SourceQuality "1"]

1. d4 Nf6 2. c4 e6 3. Nc3 Bb4 4. e3 c5 5. Bd3 0-0 6. Nge2 d5 7. cxd5 cxd4 8. exd4 Nxd5 9. 0-0 Nc6 10. a3 Bd6 11. Ne4 Be7 12. Qc2 Qb6 13. Rd1 h6 14. b4 f5 15. Nd2 Nxd4 16. Nxd4 Qxd4 17. Bb2 Qg4 18. Nf3 Bf6 19. Bxf6 Rxf6 20. Ne5 Qg5 21. Be2 Ne3 22. fxe3 Qxe3+ 23. Kh1 Qxe5 24. Rd8+ Rf8 25. Rad1 b6 26. Rxf8+ Kxf8 27. Rd8+ Ke7 28. Qd1 Qc7 29. Rg8 Kf7 30. Rd8 Ke7 31. Rg8 Kf7 32. Rd8 Ke7 1/2-1/2

[Event "HUN-chT1 Charousek 2324"]
[Site "Hungary"]
[Date "2024.04.07"]
[Round "9.6"]
[White "Szelenyi, Norbert"]
[Black "Csontos, Aron"]
[Result "1-0"]
[WhiteElo "2252"]
[BlackElo "2205"]
[PlyCount "89"]
[EventDate "2023.10.08"]
[EventType "team-tourn"]
[EventRounds "11"]
[EventCountry "HUN"]
[SourceTitle "EXT 2025"]
[Source "ChessBase"]
[SourceDate "2024.10.14"]
[SourceVersion "1"]
[SourceVersionDate "2024.10.14"]
[SourceQuality "1"]
[WhiteTeam "Ajka Sentimento"]
[BlackTeam "Haladas Szombathely II"]
[WhiteTeamCountry "HUN"]
[BlackTeamCountry "HUN"]

1. d4 Nf6 2. Nf3 e6 3. Bf4 c5 4. e3 cxd4 5. exd4 b6 6. Nbd2 Bb7 7. Be2 Be7 8. h3 0-0 9. 0-0 d6 10. Re1 Nbd7 11. Bh2 Re8 12. c3 Qc7 13. Bf1 Bf8 14. a4 a6 15. Nc4 Bd5 16. Ne3 Bc6 17. c4 e5 18. d5 Bb7 19. a5 bxa5 20. Qa4 Reb8 21. Qxa5 Qxa5 22. Rxa5 Bc8 23. Rb1 Rb6 24. b4 Rab8 25. Nc2 Nc5 26. Rd1 Nb7 27. Ra3 Bf5 28. Nfe1 Ra8 29. f4 exf4 30. Bxf4 Nd8 31. Be3 Rbb8 32. Rda1 Ne4 33. Rxa6 Rxa6 34. Rxa6 Be7 35. Nd4 Bc8 36. Ra7 Bh4 37. Nef3 Bg3 38. Nc6 Nxc6 39. dxc6 f5 40. b5 Nc5 41. c7 Rb7 42. Ra8 Rxc7 43. b6 Rc6 44. Bxc5 dxc5 45. b7 1-0

[Event "SVK-chT2A 2324"]
[Site "Slovakia"]
[Date "2024.03.16"]
[Round "10.3"]
[White "Csontos, Aron"]
[Black "Biro, Karol"]
[Result "1-0"]
[WhiteElo "2180"]
[BlackElo "1989"]
[PlyCount "67"]
[EventDate "2023.10.07"]
[EventType "team-tourn"]
[EventRounds "11"]
[EventCountry "SVK"]
[SourceTitle "EXT 2025"]
[Source "ChessBase"]
[SourceDate "2024.10.14"]
[SourceVersion "1"]
[SourceVersionDate "2024.10.14"]
[SourceQuality "1"]
[WhiteTeam "Dunajska Streda II"]
[BlackTeam "Krasnany"]
[WhiteTeamCountry "SVK"]
[BlackTeamCountry "SVK"]

1. e4 e6 2. d4 d5 3. Nd2 a6 4. Ngf3 dxe4 5. Nxe4 Be7 6. Bd3 Nf6 7. Nxf6+ Bxf6 8. 0-0 Nd7 9. Qe2 Nf8 10. Bf4 Ng6 11. Bg3 0-0 12. Rad1 Bd7 13. c3 Rc8 14. Be4 c6 15. Nd2 b5 16. Nb3 Qe7 17. Nc5 Rfd8 18. Nb7 Be8 19. Nxd8 Qxd8 20. Qh5 Qa5 21. a3 Be7 22. Qe2 Qb6 23. f4 Bd7 24. f5 exf5 25. Bxf5 Qd8 26. Qg4 Bxf5 27. Qxf5 Bf6 28. Be5 Nf8 29. Bxf6 gxf6 30. Rd3 Rc7 31. Rg3+ Kh8 32. Qg4 Ne6 33. Rxf6 Qf8 34. Qxe6 1-0

[Event "SVK-chT2A 2324"]
[Site "Slovakia"]
[Date "2024.02.10"]
[Round "8.2"]
[White "Csontos, Aron"]
[Black "Puchart, Vladimir"]
[Result "1-0"]
[WhiteElo "2180"]
[BlackElo "2061"]
[PlyCount "57"]
[EventDate "2023.10.07"]
[EventType "team-tourn"]
[EventRounds "11"]
[EventCountry "SVK"]
[SourceTitle "EXT 2025"]
[Source "ChessBase"]
[SourceDate "2024.10.14"]
[SourceVersion "1"]
[SourceVersionDate "2024.10.14"]
[SourceQuality "1"]
[WhiteTeam "Dunajska Streda II"]
[BlackTeam "Cifer"]
[WhiteTeamCountry "SVK"]
[BlackTeamCountry "SVK"]

1. e4 c5 2. Nf3 d6 3. d4 cxd4 4. Qxd4 a6 5. c4 Nc6 6. Qe3 g6 7. Be2 Bg7 8. h3 Nf6 9. 0-0 0-0 10. Nc3 Bd7 11. Rb1 Qc7 12. b3 Rab8 13. Bb2 Rfc8 14. Nd5 Nxd5 15. exd5 Ne5 16. Nd4 b5 17. f4 Qc5 18. fxe5 dxe5 19. Nc2 Bf5 20. Qxc5 Rxc5 21. Rbc1 bxc4 22. Ne3 Ra5 23. Nxf5 gxf5 24. Bxc4 Rxa2 25. Bc3 f4 26. Ra1 Rc2 27. Rfc1 Rxc3 28. Rxc3 e4 29. Rcc1 1-0

[Event "SVK-chT2A 2324"]
[Site "Slovakia"]
[Date "2023.12.02"]
[Round "5.1"]
[White "Gabris, Ondrej"]
[Black "Csontos, Aron"]
[Result "1-0"]
[WhiteElo "2158"]
[BlackElo "2180"]
[PlyCount "95"]
[EventDate "2023.10.07"]
[EventType "team-tourn"]
[EventRounds "11"]
[EventCountry "SVK"]
[SourceTitle "EXT 2025"]
[Source "ChessBase"]
[SourceDate "2024.10.14"]
[SourceVersion "1"]
[SourceVersionDate "2024.10.14"]
[SourceQuality "1"]
[WhiteTeam "Pezinok"]
[BlackTeam "Dunajska Streda II"]
[WhiteTeamCountry "SVK"]
[BlackTeamCountry "SVK"]

1. e4 c5 2. d4 cxd4 3. c3 Nf6 4. e5 Nd5 5. Nf3 e6 6. Bc4 Nb6 7. Bb3 d6 8. cxd4 dxe5 9. Nxe5 Nc6 10. Nxc6 bxc6 11. 0-0 Bd6 12. Nc3 0-0 13. Re1 Nd5 14. Ne4 Be7 15. Nc5 Nb4 16. Be3 Bxc5 17. dxc5 Ba6 18. Qf3 Qf6 19. Qe4 Rab8 20. Bf4 Rb7 21. Rad1 Nd5 22. Be5 Qh6 23. Rd4 Rd7 24. Qf3 Re8 25. Qg3 f6 26. Bd6 g6 27. Bxd5 cxd5 28. Rxd5 Bb7 29. Rdd1 Qh5 30. Qc3 Bc6 31. Qxf6 Rf7 32. Qe5 Qg4 33. Qg3 Qb4 34. b3 Rf5 35. h3 Qa3 36. Rd2 Qb4 37. Rde2 Kf7 38. Qe3 Qh4 39. Rd2 Rg5 40. Bg3 Qh5 41. Rd6 Bd5 42. c6 Rf5 43. Qxa7+ Re7 44. Rd7 Qg5 45. h4 Qf6 46. Bd6 Rxd7 47. Qxd7+ Kg8 48. c7 1-0

[Event "SVK-chT2A 2324"]
[Site "Slovakia"]
[Date "2023.11.11"]
[Round "3.3"]
[White "Ruckschloss, Karol"]
[Black "Csontos, Aron"]
[Result "1-0"]
[WhiteElo "2121"]
[BlackElo "2180"]
[PlyCount "127"]
[EventDate "2023.10.07"]
[EventType "team-tourn"]
[EventRounds "11"]
[EventCountry "SVK"]
[SourceTitle "EXT 2025"]
[Source "ChessBase"]
[SourceDate "2024.10.14"]
[SourceVersion "1"]
[SourceVersionDate "2024.10.14"]
[SourceQuality "1"]
[WhiteTeam "Bratislava Slovan IV"]
[BlackTeam "Dunajska Streda II"]
[WhiteTeamCountry "SVK"]
[BlackTeamCountry "SVK"]

1. c4 Nf6 2. d4 e6 3. Nf3 d5 4. e3 dxc4 5. Bxc4 a6 6. a4 b6 7. 0-0 Bb7 8. Nbd2 Nbd7 9. b3 Bd6 10. Bb2 0-0 11. Qe2 Qe7 12. Ne5 c5 13. Bd3 cxd4 14. exd4 Nd5 15. Be4 N7f6 16. f4 Bb4 17. Bd3 Nc3 18. Qf2 Rfd8 19. Rfc1 Rac8 20. Rc2 Nce4 21. Nxe4 Nxe4 22. Qe3 Rxc2 23. Bxc2 Nf6 24. f5 Bd5 25. fxe6 Qxe6 26. Bd3 Bxb3 27. Bxa6 Ra8 28. Bb5 Rc8 29. Rc1 Rc2 30. Rxc2 Bxc2 31. Bc4 Qe7 32. Bxf7+ Kh8 33. Bb3 Bxb3 34. Qxb3 g6 35. h3 Kg7 36. Qc4 Bd6 37. Qb5 Qc7 38. Nc4 Bg3 39. Qb3 Qf4 40. Qf3 Qxf3 41. gxf3 Nd5 42. Ba3 Kf6 43. Bd6 Bxd6 44. Nxd6 Ke6 45. Nc4 Kf5 46. Kf2 Kf4 47. h4 h6 48. Ne5 g5 49. hxg5 hxg5 50. Nc4 Nc3 51. Nxb6 g4 52. fxg4 Kxg4 53. Ke3 Kf5 54. Kd3 Ne4 55. a5 Nd6 56. a6 Nb5 57. Kc4 Na7 58. Kd5 Kf6 59. Kd6 Kf7 60. Kc7 Nb5+ 61. Kd7 Kf6 62. d5 Ke5 63. Kc6 Na7+ 64. Kb7 1-0

[Event "EU-ch U14 rapid"]
[Site "Terme Catez"]
[Date "2023.09.29"]
[Round "9"]
[White "Szabo Toth, Gabor"]
[Black "Csontos, Aron"]
[Result "1-0"]
[WhiteElo "1811"]
[BlackElo "1950"]
[PlyCount "71"]
[EventDate "2023.09.28"]
[EventType "swiss (rapid)"]
[EventRounds "9"]
[EventCountry "SLO"]
[SourceTitle "EXT 2024"]
[Source "ChessBase"]
[SourceDate "2023.10.10"]
[SourceVersion "1"]
[SourceVersionDate "2023.10.10"]
[SourceQuality "1"]

1. e4 e5 2. Nf3 Nc6 3. Bb5 a6 4. Ba4 Nf6 5. 0-0 Nxe4 6. d4 Be7 7. Re1 b5 8. Bb3 d5 9. dxe5 Be6 10. Nbd2 Nc5 11. c3 Nd3 12. Re3 Nf4 13. Nd4 Nxd4 14. cxd4 c5 15. Rg3 Bh4 16. Rxg7 Kf8 17. Rg4 Bxg4 18. Qxg4 Ne6 19. Nf3 Be7 20. Bh6+ Ke8 21. dxc5 Nxc5 22. Nd4 Nxb3 23. axb3 Qb6 24. e6 Bf6 25. Qh5 Ra7 26. exf7+ Kd8 27. Qxd5+ Rd7 28. f8R+ Rxf8 29. Qa8+ Kc7 30. Rc1+ Kd6 31. Qxf8+ Ke5 32. Nf3+ Kf5 33. Qc8 Qe6 34. Qc2+ Kg4 35. h3+ Kh5 36. Be3 1-0

[Event "Skalica op-A"]
[Site "Skalica"]
[Date "2023.08.26"]
[Round "8"]
[White "Tomaszewski, Roman"]
[Black "Csontos, Aron"]
[Result "1-0"]
[WhiteElo "2187"]
[BlackElo "2074"]
[PlyCount "111"]
[EventDate "2023.08.19"]
[EventType "swiss"]
[EventRounds "9"]
[EventCountry "SVK"]
[SourceTitle "CBM 215 Extra"]
[Source "ChessBase"]
[SourceDate "2023.09.30"]
[SourceVersion "1"]
[SourceVersionDate "2023.09.30"]
[SourceQuality "1"]

1. e4 e5 2. Nf3 Nc6 3. Bb5 a6 4. Bxc6 dxc6 5. 0-0 f6 6. d4 exd4 7. Nxd4 c5 8. Nb3 Qxd1 9. Rxd1 Bd6 10. Be3 b6 11. a4 a5 12. Na3 Ba6 13. Nd2 0-0-0 14. Ndc4 Ne7 15. Rd2 Ng6 16. Rad1 Be7 17. Nb5 Rxd2 18. Rxd2 Rf8 19. f4 Re8 20. f5 Nh8 21. Bf4 Bxb5 22. axb5 Nf7 23. Kf2 Bf8 24. Kf3 g5 25. fxg6 hxg6 26. Re2 Bd6 27. h4 Kd7 28. g4 Ke6 29. h5 gxh5 30. gxh5 Bxf4 31. Kxf4 Rg8 32. Rh2 Nh6 33. Ne3 Rg1 34. b3 Re1 35. Rg2 Rh1 36. Rg7 Rh4+ 37. Kf3 Nf7 38. Nd5 Ng5+ 39. Kg3 Rxe4 40. Nxc7+ Kf5 41. h6 Rg4+ 42. Kf2 Rh4 43. Nd5 Rxh6 44. Kg2 Rh4 45. Nxb6 Rb4 46. Nc4 a4 47. b6 axb3 48. cxb3 Rxb3 49. b7 Ke6 50. Na5 Rb2+ 51. Kf1 Rb1+ 52. Ke2 Rb2+ 53. Ke3 Nf7 54. Rg8 Ne5 55. b8Q Rxb8 56. Rxb8 1-0

[Event "Skalica op-A"]
[Site "Skalica"]
[Date "2023.08.23"]
[Round "5"]
[White "Csontos, Aron"]
[Black "Zemkova, Klara"]
[Result "1-0"]
[WhiteElo "2074"]
[BlackElo "1888"]
[PlyCount "95"]
[EventDate "2023.08.19"]
[EventType "swiss"]
[EventRounds "9"]
[EventCountry "SVK"]
[SourceTitle "CBM 215 Extra"]
[Source "ChessBase"]
[SourceDate "2023.09.30"]
[SourceVersion "1"]
[SourceVersionDate "2023.09.30"]
[SourceQuality "1"]

1. e4 c6 2. Nf3 d5 3. d3 Bg4 4. h3 Bxf3 5. Qxf3 e5 6. Nc3 d4 7. Ne2 Nd7 8. g4 Qf6 9. Qg3 0-0-0 10. Bg2 g5 11. h4 gxh4 12. Rxh4 Qd6 13. Bd2 Be7 14. Rh1 Ngf6 15. g5 Rdg8 16. Qh4 Ne8 17. Ng3 Ng7 18. 0-0-0 Ne6 19. Nf5 Qc5 20. b4 Bxg5 21. bxc5 Bxh4 22. Nxh4 Ndxc5 23. Rdg1 Kc7 24. Bh3 h5 25. Bxe6 Nxe6 26. Kd1 Rg4 27. f3 Rxg1+ 28. Rxg1 b5 29. Ke2 c5 30. f4 exf4 31. Kf3 c4 32. Bxf4+ Kc6 33. Nf5 Kc5 34. Bd6+ Kc6 35. Be5 Rd8 36. Bf6 Rd7 37. Rh1 b4 38. Rxh5 a5 39. Ne7+ Kb6 40. dxc4 d3 41. Nd5+ Rxd5 42. cxd5 dxc2 43. Rh1 Nc5 44. Bd4 a4 45. Ke3 b3 46. axb3 axb3 47. Kd2 Kb5 48. Bxc5 1-0

[Event "Skalica op-A"]
[Site "Skalica"]
[Date "2023.08.22"]
[Round "4"]
[White "Meszaros, Casey Ryan"]
[Black "Csontos, Aron"]
[Result "1/2-1/2"]
[WhiteElo "1931"]
[BlackElo "2074"]
[PlyCount "71"]
[EventDate "2023.08.19"]
[EventType "swiss"]
[EventRounds "9"]
[EventCountry "SVK"]
[SourceTitle "CBM 215 Extra"]
[Source "ChessBase"]
[SourceDate "2023.09.30"]
[SourceVersion "1"]
[SourceVersionDate "2023.09.30"]
[SourceQuality "1"]

1. f4 Nf6 2. Nf3 g6 3. e3 Bg7 4. Be2 0-0 5. 0-0 d5 6. d3 c5 7. a4 Nc6 8. Ne5 Qb6 9. Nxc6 bxc6 10. a5 Qc7 11. Nc3 e5 12. e4 Ba6 13. f5 c4 14. g4 cxd3 15. cxd3 dxe4 16. dxe4 Rad8 17. Qe1 Bxe2 18. Qxe2 Nd7 19. Bg5 Bf6 20. Bxf6 Nxf6 21. Rf2 Rd4 22. Raf1 Kg7 23. fxg6 fxg6 24. g5 Nd7 25. Rxf8 Nxf8 26. Qf3 Qe7 27. Qf6+ Qxf6 28. Rxf6 Rc4 29. Kf1 h6 30. h4 hxg5 31. hxg5 Nd7 32. Rd6 Nb8 33. Re6 Kf7 34. Rf6+ Kg7 35. Re6 Kf7 36. Rf6+ 1/2-1/2

[Event "HUN-ch U10/14"]
[Site "Buek"]
[Date "2023.06.22"]
[Round "6"]
[White "Csontos, Aron"]
[Black "Baki, Bence"]
[Result "1-0"]
[WhiteElo "2098"]
[BlackElo "1592"]
[PlyCount "39"]
[EventDate "2023.06.17"]
[EventType "swiss"]
[EventRounds "9"]
[EventCountry "HUN"]
[SourceTitle "CBM 215 Extra"]
[Source "ChessBase"]
[SourceDate "2023.09.30"]
[SourceVersion "1"]
[SourceVersionDate "2023.09.30"]
[SourceQuality "1"]

1. e4 e5 2. Nf3 Nc6 3. Nc3 Nf6 4. Bb5 Bc5 5. 0-0 d6 6. d4 exd4 7. Nxd4 Bd7 8. Nf5 Bxf5 9. exf5 0-0 10. Bg5 Qd7 11. Bxf6 gxf6 12. Nd5 Kh8 13. Qh5 Bd4 14. c3 Rg8 15. cxd4 Rg5 16. Qh3 Rg7 17. Rfe1 a6 18. Nxf6 Rxg2+ 19. Kxg2 Rg8+ 20. Kh1 1-0

[Event "HUN-chT1 Charousek 2223"]
[Site "Hungary"]
[Date "2023.01.29"]
[Round "4.12"]
[White "Csontos, Aron"]
[Black "Kaufmann, Attila"]
[Result "1/2-1/2"]
[WhiteElo "1956"]
[BlackElo "1916"]
[PlyCount "52"]
[EventDate "2022.11.20"]
[EventType "team-tourn"]
[EventRounds "9"]
[EventCountry "HUN"]
[SourceTitle "EXT 2025"]
[Source "ChessBase"]
[SourceDate "2024.10.14"]
[SourceVersion "1"]
[SourceVersionDate "2024.10.14"]
[SourceQuality "1"]
[WhiteTeam "Haladas II"]
[BlackTeam "Sentimento Ajka BSK II"]
[WhiteTeamCountry "HUN"]
[BlackTeamCountry "HUN"]

1. e4 c6 2. Nf3 d5 3. d3 dxe4 4. dxe4 Qxd1+ 5. Kxd1 Bg4 6. Be2 Nf6 7. Nbd2 Nbd7 8. Ne1 0-0-0 9. Bxg4 Nxg4 10. Ke2 e5 11. f3 Ngf6 12. Nd3 Bd6 13. Nc4 Bc7 14. a4 Rhe8 15. a5 Nf8 16. Be3 Kb8 17. Rhd1 N6d7 18. Nb4 c5 19. Nd5 Ne6 20. Nxc7 Kxc7 21. c3 f6 22. Nd6 Rf8 23. Nb5+ Kb8 24. Rd6 Nc7 25. Rad1 Nxb5 26. Rxd7 Nd4+ 1/2-1/2

[Event "HUN-chT1 Charousek 2223"]
[Site "Hungary"]
[Date "2022.12.17"]
[Round "5.9"]
[White "Csontos, Aron"]
[Black "Szente Varga, Fruzsina"]
[Result "0-1"]
[WhiteElo "1920"]
[BlackElo "2071"]
[PlyCount "48"]
[EventDate "2022.11.20"]
[EventType "team-tourn"]
[EventRounds "9"]
[EventCountry "HUN"]
[SourceTitle "EXT 2025"]
[Source "ChessBase"]
[SourceDate "2024.10.14"]
[SourceVersion "1"]
[SourceVersionDate "2024.10.14"]
[SourceQuality "1"]
[WhiteTeam "Haladas II"]
[BlackTeam "Paks ASE II"]
[WhiteTeamCountry "HUN"]
[BlackTeamCountry "HUN"]

1. e4 e6 2. d4 d5 3. Nd2 Nc6 4. Ngf3 Nf6 5. e5 Nd7 6. Bd3 f6 7. Ng5 Ndxe5 8. dxe5 fxg5 9. Qh5+ Kd7 10. c4 Nxe5 11. Bc2 c6 12. cxd5 exd5 13. f4 g6 14. Qe2 Nf7 15. 0-0 Bc5+ 16. Kh1 Re8 17. Qd1 Kc7 18. Nb3 Bd6 19. f5 Ne5 20. Nd4 Bd7 21. Nf3 Nxf3 22. Qxf3 gxf5 23. Qh5 f4 24. Bd2 Qf6 0-1

[Event "HUN-chT U18"]
[Site "Budapest"]
[Date "2022.11.03"]
[Round "7.2"]
[White "Daroczi, Donat"]
[Black "Csontos, Aron"]
[Result "1-0"]
[WhiteElo "2194"]
[BlackElo "1962"]
[PlyCount "69"]
[EventDate "2022.10.31"]
[EventType "team-swiss"]
[EventRounds "7"]
[EventCountry "HUN"]
[SourceTitle "CBM 211 Extra"]
[Source "ChessBase"]
[SourceDate "2023.01.31"]
[SourceVersion "1"]
[SourceVersionDate "2023.01.31"]
[SourceQuality "1"]
[WhiteTeam "Kobanya Aquarena"]
[BlackTeam "Haladas"]
[WhiteTeamCountry "HUN"]
[BlackTeamCountry "HUN"]

1. e4 e5 2. Nf3 Nc6 3. Bc4 Bc5 4. c3 Nf6 5. d4 exd4 6. e5 d5 7. Bb5 Ne4 8. cxd4 Bb4+ 9. Nbd2 0-0 10. 0-0 Bg4 11. Qa4 Bxd2 12. Nxd2 Nxd2 13. Bxd2 Bd7 14. Be3 a6 15. Bxc6 Bxc6 16. Qc2 Qe7 17. f4 f5 18. h3 Qh4 19. Rf3 Rae8 20. Bf2 Qh5 21. Kh2 Re6 22. Rg1 Rg6 23. Rc3 Re8 24. a4 Rg4 25. Be3 Re6 26. b4 h6 27. Rc5 Be8 28. Rxd5 Bc6 29. Rd8+ Kh7 30. d5 Qh4 31. Qxf5+ Reg6 32. Qf8 Qg3+ 33. Kh1 Rd6 34. exd6 Rh4 35. Qf5+ 1-0

[Event "Arco op 44th"]
[Site "Arco"]
[Date "2022.10.13"]
[Round "6"]
[White "Mueller, Markus2"]
[Black "Csontos, Aron"]
[Result "0-1"]
[WhiteElo "1718"]
[BlackElo "1962"]
[PlyCount "33"]
[EventDate "2022.10.08"]
[EventType "swiss"]
[EventRounds "9"]
[EventCountry "ITA"]
[SourceTitle "CBM 210 Extra"]
[Source "ChessBase"]
[SourceDate "2022.11.30"]
[SourceVersion "1"]
[SourceVersionDate "2022.11.30"]
[SourceQuality "1"]

1. e4 e5 2. Nf3 Nc6 3. c3 d5 4. Qa4 f6 5. exd5 Qxd5 6. d3 Bf5 7. c4 Qd7 8. Qb3 0-0-0 9. d4 exd4 10. Bd3 Qe6+ 11. Kd1 Bxd3 12. Qxd3 Nb4 13. Qd2 Qxc4 14. Na3 Qd5 15. b3 Nh6 16. Bb2 Nxa2 17. Bxd4 0-1

[Event "Bratislava Slovakia op"]
[Site "Bratislava"]
[Date "2022.10.02"]
[Round "8"]
[White "Babula, Matej"]
[Black "Csontos, Aron"]
[Result "1/2-1/2"]
[WhiteElo "1834"]
[BlackElo "1962"]
[PlyCount "92"]
[EventDate "2022.09.30"]
[EventType "swiss (rapid)"]
[EventRounds "9"]
[EventCountry "SVK"]
[SourceTitle "CBM 210 Extra"]
[Source "ChessBase"]
[SourceDate "2022.11.30"]
[SourceVersion "1"]
[SourceVersionDate "2022.11.30"]
[SourceQuality "1"]

1. e4 e5 2. Nf3 Nc6 3. Bc4 Bc5 4. c3 Nf6 5. d3 a6 6. a4 0-0 7. 0-0 Ba7 8. Bg5 h6 9. Bh4 d6 10. h3 Be6 11. Nbd2 g5 12. Nxg5 hxg5 13. Bxg5 Bxc4 14. Nxc4 Qe7 15. Qf3 Kg7 16. Ne3 Qe6 17. Qg3 Rg8 18. Bxf6+ Kf8 19. Qh4 Bxe3 20. fxe3 Ke8 21. Bg5 Qg6 22. Qf2 Qxg5 23. Qxf7+ Kd8 24. Rf2 Kc8 25. b4 Kb8 26. Raf1 Rg7 27. Qa2 Qxe3 28. Kh1 Qxd3 29. b5 Qxe4 30. bxc6 Qxc6 31. Rf8+ Ka7 32. Qf2+ b6 33. Rxa8+ Qxa8 34. Qf3 e4 35. Qe3 a5 36. Rf5 d5 37. c4 Qg8 38. Rxd5 Rxg2 39. Rxa5+ Kb8 40. Ra8+ Kxa8 41. Qxe4+ Ka7 42. Qxg2 Qxc4 43. Qg4 Qf1+ 44. Kh2 Qf2+ 45. Kh1 Qf1+ 46. Kh2 Qf2+ 1/2-1/2

[Event "Bratislava Slovakia op"]
[Site "Bratislava"]
[Date "2022.10.01"]
[Round "6"]
[White "Csontos, Aron"]
[Black "Prochazka, Peter"]
[Result "1/2-1/2"]
[WhiteElo "1962"]
[BlackElo "1792"]
[PlyCount "82"]
[EventDate "2022.09.30"]
[EventType "swiss (rapid)"]
[EventRounds "9"]
[EventCountry "SVK"]
[SourceTitle "CBM 210 Extra"]
[Source "ChessBase"]
[SourceDate "2022.11.30"]
[SourceVersion "1"]
[SourceVersionDate "2022.11.30"]
[SourceQuality "1"]

1. e4 c5 2. c3 d5 3. exd5 Qxd5 4. d4 Nc6 5. Nf3 Nf6 6. dxc5 Qxd1+ 7. Kxd1 Bg4 8. Be3 e5 9. h3 Bxf3+ 10. gxf3 Nd5 11. b4 a5 12. b5 Nd8 13. Na3 Nxe3+ 14. fxe3 Bxc5 15. Nc4 Ne6 16. Bd3 b6 17. Ke2 f6 18. Rhd1 Ke7 19. Be4 Rad8 20. Bc6 Rxd1 21. Rxd1 Rd8 22. Rxd8 Nxd8 23. Bd5 Ne6 24. Bxe6 Kxe6 25. e4 g6 26. Nd2 f5 27. Kd3 h5 28. Nb3 Bf2 29. a4 f4 30. Nc1 Be3 31. Nb3 Kd6 32. Ke2 Ke7 33. Kf1 Kf6 34. h4 Ke6 35. Kg2 Kd6 36. Kf1 Bc5 37. Nd2 Ke6 38. Nc4 Kf6 39. Ke2 Ke6 40. Kd3 Bf2 41. Ke2 Bc5 1/2-1/2

[Event "Bratislava Slovakia op"]
[Site "Bratislava"]
[Date "2022.09.30"]
[Round "2"]
[White "Csontos, Aron"]
[Black "Hlavac, Tomas"]
[Result "1-0"]
[WhiteElo "1962"]
[BlackElo "1579"]
[PlyCount "73"]
[EventDate "2022.09.30"]
[EventType "swiss (rapid)"]
[EventRounds "9"]
[EventCountry "SVK"]
[SourceTitle "CBM 210 Extra"]
[Source "ChessBase"]
[SourceDate "2022.11.30"]
[SourceVersion "1"]
[SourceVersionDate "2022.11.30"]
[SourceQuality "1"]

1. e4 e6 2. d4 d5 3. Nd2 Nf6 4. e5 Nfd7 5. Bd3 c5 6. c3 Nc6 7. Ngf3 a6 8. 0-0 b5 9. Re1 c4 10. Bc2 b4 11. Nf1 Nb6 12. Be3 Bd7 13. N3d2 a5 14. f4 a4 15. cxb4 Bxb4 16. a3 Be7 17. Qf3 Na5 18. g4 Nb3 19. Bxb3 axb3 20. f5 Rc8 21. Ng3 Bg5 22. Nh5 Rg8 23. f6 gxf6 24. Bxg5 Rxg5 25. Nxf6+ Ke7 26. Rf1 Qh8 27. Nxh7 Rxg4+ 28. Qxg4 Rg8 29. Ng5 c3 30. bxc3 Nc4 31. Nxc4 dxc4 32. Rxf7+ Kd8 33. h4 Kc8 34. Raf1 b2 35. Qe4 Kc7 36. Rxd7+ Kxd7 37. Rf7+ 1-0